00758nam a22002177a 4500999001900000003000400019020001800023082002100041245010100062250000600163260004100169546001200210650002800222650003300250650002800283650005700311650003100368700002800399942001200427952010100439 c290443d290443OSt a9781138955363 a333.9516bPIM/FO aFood sovereignty, agroecology, and biocultural diversity:bconstructing and contesting knowledge a1 aLondon and New YorkbRoutledgec2018 aEnglish aSustainability science  aNon-equilibrium and nomadism aDemocratizing knowledge aPlants that speak and institutions that don't listen aignorance based management aPimbert, Michael P, Ed. 2ddccBK 00102ddc4070aKAUCLVbKAUCLVd2023-08-16l0o333.9516 PIM/FOp812558r2023-08-16 00:00:00yBK